Komentár k zákonu o ochranných známkach

Na minha lista:
Detalhes bibliográficos
Autor principal: Maruniaková, Ingrid
Outros Autores: Klinka, Tomáš, Midriaková, Lenka
Formato: Livro
Idioma:eslovaco
Publicado em: Banská Bystrica ÚPV SR 2012
Assuntos:
Tags: Adicionar Tag
Sem tags, seja o primeiro a adicionar uma tag!

MARC

LEADER 00000nam a2200000 4500
001 0177941
005 20221207093614.9
020 |a 978-80-88994-79-4 
041 0 |a slo 
044 |a SK 
245 1 0 |a Komentár k zákonu o ochranných známkach  |c Ingrid Maruniaková ... [et al.] 
264 1 |a Banská Bystrica  |b ÚPV SR  |c 2012 
300 |a 301 s. 
610 2 0 |a známky ochranné 
610 2 0 |a právo priemyselné 
610 2 0 |a vlastníctvo priemyselné 
100 1 |a Maruniaková, Ingrid 
700 1 |a Klinka, Tomáš 
700 1 |a Midriaková, Lenka